UBT Library

Practical programming, (Record no. 42256)

000 -LEADER
fixed length control field 00648cam a22002531 4500
001 - CONTROL NUMBER
control field 2175884
005 - DATE AND TIME OF LATEST TRANSACTION
control field 20180209072203.0
008 - FIXED-LENGTH DATA ELEMENTS--GENERAL INFORMATION
fixed length control field 701012s1968 enka b 000 0 eng
010 ## - LIBRARY OF CONGRESS CONTROL NUMBER
LC control number 68021391
015 ## - NATIONAL BIBLIOGRAPHY NUMBER
National bibliography number B68-24587
020 ## - INTERNATIONAL STANDARD BOOK NUMBER
International Standard Book Number 0521072611
040 ## - CATALOGING SOURCE
Original cataloging agency DLC
Transcribing agency DLC
Modifying agency DLC
041 ## - LANGUAGE CODE
Language code of text/sound track or separate title eng
080 ## - UNIVERSAL DECIMAL CLASSIFICATION NUMBER
Universal Decimal Classification number 651.8
082 00 - DEWEY DECIMAL CLASSIFICATION NUMBER
Classification number 651.8 COR
100 1# - Rafti
Rafti 36
101 ## - Shkurtesa
Shkurtesa MAT
245 10 - TITLE STATEMENT
Title Practical programming,
Statement of responsibility, etc by P. N. Corlett and J. D. Tinsley.
350 ## - PRICE (NR) (BK AM CF MU VM SE) [OBSOLETE]
Price 45/-
410 20 - SERIES STATEMENT/ADDED ENTRY--CORPORATE NAME [OBSOLETE, CAN/MARC], [LOCAL, USA]
Corporate name or jurisdiction name as entry element School Mathematics Project.
Title of a work Handbooks
504 ## - BIBLIOGRAPHY, ETC. NOTE
Bibliography, etc Bibliography: p. 201.
906 ## - LOCAL DATA ELEMENT F, LDF (RLIN)
a 7
b cbc
c orignew
d u
e ncip
f 19
g y-gencatlg
942 ## - ADDED ENTRY ELEMENTS (KOHA)
Source of classification or shelving scheme
Item type Books
Holdings
Withdrawn status Lost status Source of classification or shelving scheme Damaged status Not for loan Collection code Permanent location Current location Shelving location Date acquired Total Checkouts Full call number Barcode Date last seen Price effective from Koha item type
          Koleksioni i përgjithshem UBT - Lipjan UBT - Lipjan Koleksioni i përgjithshem 02/09/2018   651.8 COR 002-2998724 02/09/2018 02/09/2018 Books
UBT Library © 2015-2024. All rights reserved University Education for Business and Technology